000 00438nam a2200193Ia 4500
005 20240823040044.0
008 240823s9999||||xx |||||||||||||| ||und||
020 _a81-8388-047-9
041 _aENGLISH
082 _A920 Q2
100 _aJyotsna Bharti
245 0 _aAmartya Sen A Biography
250 _a1st
260 _c2012
_bSpider
500 _aDISPLAY
650 _aBiographical
_bGeneral
942 _cBK
999 _c202170
_d202170